Cartas (1903-1933) / (Record no. 147478)

MARC details
000 -LEADER
campo de control de longitud fija 00985nam a2200265 i 4500
001 - NÚMERO DE CONTROL
campo de control 147478
003 - IDENTIFICADOR DE NÚMERO DE CONTROL
campo de control ES-MaACL
005 - FECHA Y HORA DE LA ÚLTIMA TRANSACCIÓN
campo de control 20240415143504.0
007 - CAMPO FIJO DE DESCRIPCIÓN FÍSICA--INFORMACIÓN GENERAL
campo de control de longitud fija t|
008 - DATOS DE LONGITUD FIJA--INFORMACIÓN GENERAL
campo de control de longitud fija 071001q1972 sp ||||1| spa d
100 1# - ENTRADA PRINCIPAL--NOMBRE DE PERSONA
Nombre de persona Unamuno, Miguel de,
Fechas asociadas al nombre 1864-1936
9 (RLIN) 111982
245 10 - MENCIÓN DEL TÍTULO
Título Cartas (1903-1933) /
Mención de responsabilidad, etc. Miguel de Unamuno-Luis de Zulueta ; recopilación, prólogo y notas de Carmen de Zulueta ; [nota biográfica de A. Jiménez-Landi].
250 ## - MENCION DE EDICION
Mención de edición 1ª ed.
260 ## - PUBLICACIÓN, DISTRIBUCIÓN, ETC.
Lugar de publicación, distribución, etc. Madrid :
Nombre del editor, distribuidor, etc. Aguilar,
Fecha de publicación, distribución, etc. 1972.
300 ## - DESCRIPCIÓN FÍSICA
Extensión 378 p. :
Otras características físicas il. ;
Dimensiones 20 cm.
490 1# - MENCIÓN DE SERIE
Mención de serie Ensayistas hispánicos
600 17 - PUNTO DE ACCESO ADICIONAL DE MATERIA--NOMBRE DE PERSONA
Nombre de persona Unamuno, Miguel de,
Fechas asociadas al nombre 1864-1936-
Subdivisión de forma Correspondencia
Fuente del encabezamiento o término
9 (RLIN) 168906
600 14 - PUNTO DE ACCESO ADICIONAL DE MATERIA--NOMBRE DE PERSONA
Nombre de persona Zulueta, Luis de,
Fechas asociadas al nombre 1878-1964
9 (RLIN) 118478
700 1# - ENTRADA AGREGADA--NOMBRE PERSONAL
Nombre de persona Zulueta, Luis de,
Fechas asociadas al nombre 1878-1964
9 (RLIN) 118478
700 1# - ENTRADA AGREGADA--NOMBRE PERSONAL
Nombre de persona Zulueta, Carmen de,
Fechas asociadas al nombre 1916-2010
9 (RLIN) 118472
700 1# - ENTRADA AGREGADA--NOMBRE PERSONAL
Nombre de persona Jiménez-Landi Martínez, Antonio.
9 (RLIN) 66543
830 1# - PUNTO DE ACCESO ADICIONAL DE SERIE-TÍTULO UNIFORME
Título uniforme Ensayistas hispánicos
9 (RLIN) 181410
852 ## - LOCALIZACIÓN
Ubicación ES-MaACL
Número de control de estantería C-43531
Holdings
Estatus retirado Estado de pérdida Estado de daño No para préstamo Biblioteca de origen Biblioteca actual Ubicación en estantería Fecha de adquisición Fuente de adquisición Total de préstamos Signatura topográfica completa Código de barras Visto por última vez Precio de reemplazo Tipo de ítem Koha
        Biblioteca del Ateneo de Madrid Biblioteca del Ateneo de Madrid Depósito 2 17/01/2008     C-43531 1153905 23/02/2023 23/02/2023 Libro impreso